[Event "Mondiale Semilampo FIDE 2024"]
[Site "New York"]
[Date "26.12.2024"]
[Round "4.41"]
[White "Muradli, Mahammad"]
[Black "Salem, A.R. Saleh"]
[Result "1-0"]
[WhiteTitle "GM"]
[BlackTitle "GM"]
[WhiteElo "2588"]
[BlackElo "2622"]
[WhiteFideId "13409301"]
[BlackFideId "9301348"]
[EventDate "26.12.2024"]

1. Nf3 c5 2. c4 Nf6 3. Nc3 d5 4. cxd5 Nxd5 5. d4 Nxc3 6. bxc3 g6 7. h4 Bg7 8. h5
Nc6 9. d5 Ne5 10. Nxe5 Bxe5 11. Qb3 Bf5 12. Bd2 O-O 13. hxg6 hxg6 14. f3 c4 15.
Qxc4 e6 16. Bf4 Bg7 17. Rd1 Rc8 18. Qb5 Bxc3+ 19. Kf2 Qf6 20. dxe6 a6 21. Qxb7
Bxe6 22. g3 Bd4+ 23. Kg2 Rfd8 24. Rh4 Rc5 25. Bc7 Rc8 26. Bb6 Be3 27. Bxc5 Bxc5
28. Rc1 Qg5 29. Qb2 f6 30. Rxc5 Rxc5 31. Qb7 Rb5 32. Qa8+ 1-0

[Event "Mondiale Semilampo FIDE 2024"]
[Site "New York"]
[Date "26.12.2024"]
[Round "4.42"]
[White "Esipenko, Andrey"]
[Black "Zemlyanskii, Ivan"]
[Result "1-0"]
[WhiteTitle "GM"]
[BlackTitle "GM"]
[WhiteElo "2682"]
[BlackElo "2543"]
[WhiteFideId "24175439"]
[BlackFideId "24249971"]
[EventDate "26.12.2024"]

1. e4 c5 2. Nf3 d6 3. Bb5+ Nd7 4. Ba4 Nf6 5. O-O e6 6. d3 Be7 7. c4 O-O 8. Nc3
a6 9. h3 Ne5 10. Ne1 Qc7 11. f4 Nc6 12. Nf3 Bd7 13. Bd2 Rfb8 14. Rb1 b5 15. cxb5
Nb4 16. b6 Qxb6 17. e5 Bxa4 18. Nxa4 Qc6 19. exf6 Bxf6 20. Bc3 Be7 21. b3 Nxa2
22. Ba1 Nb4 23. Ng5 Qd5 24. d4 Bxg5 25. fxg5 Qxg5 26. dxc5 dxc5 27. Qf3 Ra7 28.
Rbc1 Nd5 29. Nxc5 h6 30. Bd4 Re7 31. Nxa6 Ra8 32. Nb4 Rd8 33. Nc6 Rde8 34. Nxe7+
Qxe7 35. b4 1-0

[Event "Mondiale Semilampo FIDE 2024"]
[Site "New York"]
[Date "26.12.2024"]
[Round "4.43"]
[White "Makarian, Rudik"]
[Black "Cheparinov, Ivan"]
[Result "1/2-1/2"]
[WhiteTitle "IM"]
[BlackTitle "GM"]
[WhiteElo "2547"]
[BlackElo "2646"]
[WhiteFideId "44105681"]
[BlackFideId "2905540"]
[EventDate "26.12.2024"]

1. d4 Nf6 2. Nf3 g6 3. Bg5 Bg7 4. Nbd2 O-O 5. c3 d6 6. e4 c5 7. d5 e6 8. Bc4 h6
9. Bxf6 Qxf6 10. O-O e5 11. b4 cxb4 12. cxb4 Nd7 13. Rc1 Qe7 14. Bb5 a6 15. Bd3
a5 16. a3 axb4 17. axb4 Nb6 18. Qc2 Ra3 19. Ra1 Rxa1 20. Rxa1 Nxd5 21. exd5 e4
22. Re1 exd3 23. Qxd3 Qc7 24. Qc4 Qb6 25. h4 Bd7 26. Qf4 Re8 27. Rxe8+ Bxe8 28.
Ne4 Ba4 29. h5 gxh5 30. Nxd6 Qc7 31. Qg3 Bd7 32. Kh2 Bg4 33. Ne4 Qc4 34. Nfd2
Qxd5 35. Kg1 Qc6 36. Qb8+ Kh7 37. Qf4 Qe6 38. Qe3 b5 39. Qd3 Bf5 40. f3 Qe5 41.
Kh1 Qa1+ 42. Kh2 Be5+ 43. g3 h4 44. Kg2 hxg3 45. Qd5 Bg6 46. Qxb5 Bxe4 47. fxe4
Qe1 48. Qxe5 Qf2+ 49. Kh3 Qh2+ 50. Kg4 Qxd2 51. Qf5+ Kg8 52. Kxg3 Qe1+ 53. Kh3
Qc3+ 54. Kh4 Qxb4 55. Qg4+ Kh8 56. Qc8+ Kg7 57. Qg4+ Kf8 58. Qc8+ Kg7 1/2-1/2

[Event "Mondiale Semilampo FIDE 2024"]
[Site "New York"]
[Date "26.12.2024"]
[Round "4.44"]
[White "Anton Guijarro, David"]
[Black "Khanin, Semen"]
[Result "1/2-1/2"]
[WhiteTitle "GM"]
[BlackTitle "GM"]
[WhiteElo "2673"]
[BlackElo "2568"]
[WhiteFideId "2285525"]
[BlackFideId "4111990"]
[EventDate "26.12.2024"]

1. e4 e5 2. Nf3 Nc6 3. Bc4 Nf6 4. Ng5 d5 5. exd5 Na5 6. Bb5+ c6 7. dxc6 bxc6 8.
Bd3 Nd5 9. Nf3 Bd6 10. Nc3 f5 11. Nxd5 cxd5 12. b4 Nb7 13. Bb5+ Bd7 14. Bxd7+
Qxd7 15. Bb2 e4 16. Ne5 Bxe5 17. Bxe5 O-O 18. f4 exf3 19. Qxf3 Rae8 20. d4 Qb5
21. Qb3 Nd6 22. a4 Qb7 23. O-O Nc4 24. Rf2 Nxe5 25. dxe5 Rxe5 26. h3 Qb6 27. Rf1
Qd4 28. c3 Re3 29. Qd1 Qe5 30. Rf3 f4 31. Qd4 Qxd4 32. cxd4 Re4 33. Rc3 Rxd4 34.
Rc7 Rxb4 35. Rxa7 h6 36. a5 Ra4 37. Rd1 Rf5 38. Rd2 d4 39. Kf2 Raxa5 40. Rxa5
Rxa5 41. Rxd4 g5 42. Rd7 Rf5 43. g3 fxg3+ 44. Kxg3 Rf4 45. Rc7 Rf7 46. Rxf7 Kxf7
47. h4 gxh4+ 48. Kxh4 h5 49. Kxh5 1/2-1/2

[Event "Mondiale Semilampo FIDE 2024"]
[Site "New York"]
[Date "26.12.2024"]
[Round "4.45"]
[White "Rasulov, Vugar"]
[Black "Meier, Georg"]
[Result "0-1"]
[WhiteTitle "GM"]
[BlackTitle "GM"]
[WhiteElo "2504"]
[BlackElo "2599"]
[WhiteFideId "13402390"]
[BlackFideId "4675789"]
[EventDate "26.12.2024"]

1. d4 e6 2. Nf3 Nf6 3. c4 Bb4+ 4. Bd2 Bxd2+ 5. Qxd2 O-O 6. Nc3 d5 7. e3 Qe7 8.
Rc1 Rd8 9. cxd5 exd5 10. Bd3 Be6 11. O-O Nbd7 12. Nb5 c6 13. Nc7 Rac8 14. Nxe6
Qxe6 15. b4 Ne4 16. Qc2 g6 17. a4 Re8 18. Qb2 Nb6 19. a5 Nd7 20. a6 b5 21. Bxe4
Qxe4 22. Nd2 Qe7 23. Qc3 Nb6 24. Qc5 Nc4 25. Nb3 Qd7 26. Na5 Nxa5 27. bxa5 Rc7
28. Qb4 Qc8 29. Rc5 Qxa6 30. Rfc1 Qb7 31. h3 h5 32. R5c3 Re6 33. Ra1 Rd7 34. a6
Qb6 35. Rc5 Kg7 36. Ra3 Rdd6 37. Qd2 Rd8 38. Qd1 Rde8 39. Qf3 Rb8 40. Ra1 Qd8
41. Qd1 Rb6 42. Qd2 Qc8 43. Qa5 Re8 44. Qc3 Qe6 45. Qa3 b4 46. Qb3 Reb8 47. Ra4
Qc8 48. Rc1 Rb5 49. f3 R8b6 50. Rca1 Qe6 51. Rc1 Qe7 52. Kf2 Qh4+ 53. Ke2 Qe7
54. Ra2 c5 55. Qxd5 b3 56. Rb2 cxd4 57. Qxd4+ Qf6 58. Qxf6+ Kxf6 59. Rc3 Ke5 60.
f4+ Kd6 61. g4 hxg4 62. hxg4 f5 63. g5 Rxa6 64. Rcxb3 Rxb3 65. Rxb3 Rc6 66. Rb7
a6 67. Kd3 Kd5 68. Re7 Re6 69. Rc7 Rd6 70. Rc4 a5 71. Rc8 a4 72. Ra8 Kc5+ 73.
Kc3 Kb5 74. Rb8+ Kc5 75. Rc8+ Kd5 76. Rc4 Rc6 77. e4+ fxe4 78. Rxc6 Kxc6 79. f5
Kd6 0-1

[Event "Mondiale Semilampo FIDE 2024"]
[Site "New York"]
[Date "26.12.2024"]
[Round "4.46"]
[White "Bu, Xiangzhi"]
[Black "Lou, Yiping"]
[Result "1-0"]
[WhiteTitle "GM"]
[BlackTitle "IM"]
[WhiteElo "2684"]
[BlackElo "2459"]
[WhiteFideId "8601445"]
[BlackFideId "8603928"]
[EventDate "26.12.2024"]

1. c4 e5 2. d3 Nf6 3. Nf3 Nc6 4. a3 g6 5. b4 d6 6. Bb2 Bg7 7. g3 O-O 8. Bg2 a6
9. O-O h6 10. Nc3 Be6 11. Nd2 Qd7 12. Nd5 Ne8 13. e3 Bh3 14. Bxh3 Qxh3 15. Rc1
f5 16. f4 g5 17. b5 Nd8 18. fxg5 hxg5 19. Ne7+ Kh7 20. Qf3 g4 21. Qe2 Qh5 22. e4
f4 23. gxf4 exf4 24. e5 Qg5 25. Nd5 dxe5 26. Rce1 f3 27. Ne4 Qg6 28. Qf2 Nf7 29.
Qh4+ Nh6 30. Ne7 Qb6+ 31. c5 Qxb5 32. Ng5+ Kh8 33. Bxe5 Rf6 34. Bxf6 Nxf6 35.
Nf7+ Kh7 36. Nxh6 Qxc5+ 37. Kh1 Nh5 1-0

[Event "Mondiale Semilampo FIDE 2024"]
[Site "New York"]
[Date "26.12.2024"]
[Round "4.47"]
[White "Paravyan, David"]
[Black "Vakhidov, Jakhongir"]
[Result "0-1"]
[WhiteTitle "GM"]
[BlackTitle "GM"]
[WhiteElo "2620"]
[BlackElo "2546"]
[WhiteFideId "4194985"]
[BlackFideId "14201801"]
[EventDate "26.12.2024"]

1. e4 c5 2. Nf3 g6 3. d4 cxd4 4. Nxd4 Nc6 5. c4 Nf6 6. Nc3 d6 7. Be2 Nxd4 8.
Qxd4 Bg7 9. Be3 O-O 10. Qd3 a6 11. O-O Bd7 12. a4 a5 13. h4 Bc6 14. Rfd1 Nd7 15.
h5 Nc5 16. Qc2 Qc8 17. h6 Bh8 18. Nd5 Bxd5 19. cxd5 b6 20. Rab1 f5 21. exf5 Qxf5
22. Qc4 Be5 23. Bg4 Qf6 24. b4 Nxa4 25. bxa5 Rxa5 26. Rdc1 Nc5 27. Rxb6 Ra4 28.
Be6+ Kh8 29. Qb5 Raa8 30. Bh3 Ne4 31. Rf1 Bd4 32. Bxd4 Qxd4 33. Qb2 Qxb2 34.
Rxb2 Ng5 35. Be6 Nxe6 36. dxe6 Rf6 37. Rfb1 Rg8 38. Re2 g5 39. Rb7 Re8 40. Rb5
Rg8 41. g4 Rxh6 42. Rf5 Rhg6 43. Rf7 Re8 44. Kg2 Kg8 45. Rf5 Rf8 46. Kg3 Rff6
47. Rxf6 Rxf6 48. Re4 Kg7 49. f3 h6 50. Re1 Rf4 51. Ra1 Kg6 52. Ra2 Rf8 53. Ra5
Rf6 54. Ra8 Rxe6 55. Rg8+ Kf7 56. Rh8 Kg7 57. Ra8 Re2 58. Rd8 Re6 59. Kf2 Rf6
60. Ke3 Rf8 61. Rd7 Kf6 62. Ra7 Rb8 63. Ra5 Rb3+ 64. Kf2 Rb8 65. Ke3 Ke6 66. Ra2
Ke5 67. Kf2 d5 68. Ra7 Rb2+ 69. Kg3 e6 70. Rh7 d4 71. Rxh6 d3 72. Rh8 Kd4 73.
Rd8+ Ke3 74. Rd6 e5 75. Rd5 d2 76. Rxe5+ Kd4 77. Re8 Rb1 78. Rd8+ Ke3 79. Re8+
Kd3 80. Rd8+ Ke2 0-1

[Event "Mondiale Semilampo FIDE 2024"]
[Site "New York"]
[Date "26.12.2024"]
[Round "4.48"]
[White "Lodici, Lorenzo"]
[Black "Lomasov, Semyon"]
[Result "0-1"]
[WhiteTitle "GM"]
[BlackTitle "GM"]
[WhiteElo "2564"]
[BlackElo "2559"]
[WhiteFideId "884189"]
[BlackFideId "24164879"]
[EventDate "26.12.2024"]

1. d4 e6 2. c4 Bb4+ 3. Nd2 c5 4. a3 Bxd2+ 5. Qxd2 cxd4 6. Nf3 Nf6 7. Nxd4 O-O 8.
g3 d5 9. Bg2 dxc4 10. Qc3 e5 11. Nf3 Nc6 12. Qxc4 Be6 13. Qh4 h6 14. Be3 e4 15.
Rd1 Qa5+ 16. Nd2 Ne5 17. Bxe4 Neg4 18. b4 Qxa3 19. Bd3 Nxe3 20. fxe3 Nd5 21. Qe4
g6 22. Qe5 Rae8 23. b5 Nb4 24. Ne4 Nd5 25. O-O f5 26. Ra1 fxe4 27. Qxe4 Rxf1+
28. Rxf1 Bf7 29. Qf3 Qe7 30. e4 Nb6 31. e5 Nd7 0-1

[Event "Mondiale Semilampo FIDE 2024"]
[Site "New York"]
[Date "26.12.2024"]
[Round "4.49"]
[White "Lazavik, Denis"]
[Black "Zarnicki, Pablo"]
[Result "1-0"]
[WhiteTitle "GM"]
[BlackTitle "GM"]
[WhiteElo "2578"]
[BlackElo "2514"]
[WhiteFideId "13515110"]
[BlackFideId "100137"]
[EventDate "26.12.2024"]

1. d4 Nf6 2. c4 e6 3. Nc3 Bb4 4. a3 Bxc3+ 5. bxc3 Nc6 6. f3 b6 7. e4 d6 8. Bd3
Na5 9. f4 Ba6 10. Qe2 Qd7 11. Nf3 Qa4 12. Nd2 O-O-O 13. O-O Kb8 14. Rb1 Nd7 15.
Rb4 Qc6 16. Nf3 Qb7 17. e5 c5 18. Rb1 d5 19. cxd5 Bxd3 20. Qxd3 Qxd5 21. Ng5
cxd4 22. Nxf7 Nc5 23. Qxd4 Rhf8 24. Nxd8 Rxd8 25. Be3 Ncb7 26. Qxd5 Rxd5 27. f5
exf5 28. Rxf5 Nc6 29. Bf4 Kc8 30. Rf8+ Nbd8 31. e6 Kb7 32. Re1 Ne7 33. c4 1-0

[Event "Mondiale Semilampo FIDE 2024"]
[Site "New York"]
[Date "26.12.2024"]
[Round "4.50"]
[White "Macovei, Andrei"]
[Black "Moradiabadi, Elshan"]
[Result "1-0"]
[WhiteTitle "IM"]
[BlackTitle "GM"]
[WhiteElo "2477"]
[BlackElo "2512"]
[WhiteFideId "13904680"]
[BlackFideId "12501255"]
[EventDate "26.12.2024"]

1. e4 e6 2. d4 d5 3. Nc3 Bb4 4. e5 c5 5. a3 Bxc3+ 6. bxc3 Nc6 7. Qg4 g6 8. h4 h6
9. h5 g5 10. f4 f5 11. Qg3 g4 12. dxc5 Qa5 13. a4 Nge7 14. Ne2 b6 15. cxb6 Ba6
16. bxa7 Kd7 17. Bd2 Qb6 18. Nc1 Bxf1 19. Rxf1 Na5 20. Nd3 Nc4 21. Ke2 Rhc8 22.
Rfb1 Qxa7 23. Rb5 Qa6 24. Be3 Ke8 25. Bd4 Qxb5 26. axb5 Rxa1 27. Qh4 Ng8 28. Nc5
Rc1 29. Nxe6 Rxc2+ 30. Kf1 Nd2+ 31. Ke1 Ne4 32. b6 Kd7 33. Nc7 Kc6 34. e6 Rc1+
35. Ke2 Rc2+ 36. Ke1 Rc1+ 37. Ke2 Rc2+ 38. Kd1 Rd2+ 39. Ke1 Rxg2 40. e7 Nd6 41.
Qh1 1-0

[Event "Mondiale Semilampo FIDE 2024"]
[Site "New York"]
[Date "26.12.2024"]
[Round "4.51"]
[White "Gan-Erdene, Sugar"]
[Black "Aravindh, Chithambaram VR."]
[Result "1-0"]
[WhiteTitle "IM"]
[BlackTitle "GM"]
[WhiteElo "2437"]
[BlackElo "2718"]
[WhiteFideId "4902980"]
[BlackFideId "5072786"]
[EventDate "26.12.2024"]

1. e4 e5 2. Nf3 Nc6 3. Nc3 Nf6 4. Bb5 Bd6 5. O-O O-O 6. a3 Nd4 7. Bc4 c6 8. d3
Ne6 9. Re1 Bc7 10. Ba2 Re8 11. h3 h6 12. Ne2 d5 13. Ng3 Nf4 14. exd5 N6xd5 15.
c3 Bd7 16. d4 exd4 17. Rxe8+ Qxe8 18. Nxd4 Rd8 19. Qf3 c5 20. Bxf4 Nxf4 21. Qxb7
Rc8 22. Ndf5 Qe5 23. Ne3 Rb8 24. Qf3 Rxb2 25. Bxf7+ Kxf7 26. Nc4 Qf6 27. Nxb2
Nxh3+ 28. Kf1 Nf4 29. Re1 Kg8 30. Nh5 Nxh5 31. Qxh5 Bf5 32. Qf3 Kh7 33. Kg1 Qg5
34. Nc4 Bg6 35. g3 h5 36. Kg2 Bd8 37. Ne5 Bc2 38. Nf7 Qf6 39. Qxh5+ Kg8 40. Re8# 1-0

[Event "Mondiale Semilampo FIDE 2024"]
[Site "New York"]
[Date "26.12.2024"]
[Round "4.52"]
[White "Nesterov, Arseniy"]
[Black "Karthik, Venkataraman"]
[Result "1-0"]
[WhiteTitle "GM"]
[BlackTitle "GM"]
[WhiteElo "2599"]
[BlackElo "2603"]
[WhiteFideId "24198455"]
[BlackFideId "25006479"]
[EventDate "26.12.2024"]

1. Nf3 Nf6 2. c4 e6 3. d4 d5 4. Nc3 Bb4 5. Bg5 h6 6. Bxf6 Qxf6 7. e3 Bxc3+ 8.
bxc3 O-O 9. cxd5 exd5 10. c4 Be6 11. Rc1 Nd7 12. cxd5 Bxd5 13. Bc4 Bxc4 14. Rxc4
Qb6 15. O-O c5 16. Qc2 cxd4 17. Rb1 Qa6 18. Nxd4 Nb6 19. Rc3 g6 20. h3 Rac8 21.
Rbb3 Qa4 22. Qb1 Qd7 23. Rd3 Rc5 24. Nb5 Qc6 25. Rd1 Na4 26. Nxa7 Qa6 27. Nb5
Rxb5 28. Rxb5 Nc3 29. Rb6 Qe2 30. Re1 Qd2 31. Qa1 Ra8 32. Rb2 Qd3 33. Rb3 Rc8
34. Kh1 b5 35. Rc1 b4 36. Rxb4 1-0

[Event "Mondiale Semilampo FIDE 2024"]
[Site "New York"]
[Date "26.12.2024"]
[Round "4.53"]
[White "Ohanyan, Emin"]
[Black "Kadric, Denis"]
[Result "1-0"]
[WhiteTitle "GM"]
[BlackTitle "GM"]
[WhiteElo "2514"]
[BlackElo "2544"]
[WhiteFideId "13312022"]
[BlackFideId "14403803"]
[EventDate "26.12.2024"]

1. e4 d6 2. d4 Nf6 3. Nc3 e5 4. Nf3 Nbd7 5. Bc4 Be7 6. O-O O-O 7. Re1 c6 8. a4
h6 9. h3 Re8 10. Ba2 a5 11. dxe5 dxe5 12. Nh4 Nf8 13. Qf3 Be6 14. Nf5 Bxf5 15.
Qxf5 Bb4 16. Rd1 Qe7 17. Ne2 Rad8 18. Be3 Bc5 19. Bd2 Bb6 20. Bc3 N6d7 21. Ng3
Ne6 22. Qg4 Nd4 23. Nf5 Qf6 24. Rd3 Nc5 25. Rg3 Nxf5 26. exf5 Na6 27. Re1 Nb4
28. Bxb4 axb4 29. Qxb4 c5 30. Qe4 Rd4 31. Qxb7 c4 32. a5 Bxa5 33. c3 Rf4 34. Qb5
Qd8 35. f6 Rxf6 36. Bxc4 e4 37. Qd5 Qb6 38. Rge3 Qxb2 39. Qxa5 Rxf2 40. R3e2
Rxe2 41. Bxe2 Qd2 42. Qa1 Rb8 43. Qc1 Qd5 44. Qe3 Rc8 45. c4 Qe5 46. Bf1 f5 47.
Rd1 f4 48. Qe2 Re8 49. Kh1 Qc3 50. Qg4 Qf6 51. Qd7 Re7 52. Qd6 Qh4 53. c5 e3 54.
Be2 f3 55. Bxf3 e2 56. Qd8+ 1-0

[Event "Mondiale Semilampo FIDE 2024"]
[Site "New York"]
[Date "26.12.2024"]
[Round "4.54"]
[White "Jumabayev, Rinat"]
[Black "Isanzhulov, Arystan"]
[Result "1/2-1/2"]
[WhiteTitle "GM"]
[BlackTitle "IM"]
[WhiteElo "2573"]
[BlackElo "2395"]
[WhiteFideId "13702661"]
[BlackFideId "13711644"]
[EventDate "26.12.2024"]

1. Nf3 Nf6 2. g3 e6 3. Bg2 Be7 4. O-O d5 5. d3 O-O 6. Nbd2 b5 7. e4 Bb7 8. exd5
Bxd5 9. c4 Bb7 10. Nb3 bxc4 11. Na5 Bd5 12. dxc4 Be4 13. Qxd8 Rxd8 14. Bf4 Bb4
15. Rfd1 Na6 16. Nb3 Bd6 17. Be3 Ng4 18. Bd4 Nb4 19. h3 Nf6 20. Bc3 Nc6 21. Na5
Rdb8 22. b3 h6 23. Nxc6 Bxc6 24. Ba5 Rb7 25. c5 Bf8 26. Rac1 Rc8 27. b4 Bd5 28.
a3 c6 29. Rd3 Be7 30. Bf1 Rbb8 31. Ne5 Bd8 32. Bxd8 Rxd8 33. Rd4 Rdc8 34. Ba6
Rc7 35. a4 Nd7 36. Nxd7 Rxd7 37. b5 Rc7 38. Rb4 cxb5 39. axb5 Kf8 40. f4 Ke7 41.
Kf2 g5 42. Rc3 Rg8 43. Rd4 f5 44. g4 Be4 45. Kg3 Kf6 46. Rd6 Ke7 47. Rd2 Rf8 48.
c6 gxf4+ 49. Kxf4 Bd5 50. Ke5 fxg4 51. hxg4 Rg8 52. Kf4 Kd6 53. Rh2 Rcg7 54. Rh4
h5 55. Rg3 Rg5 56. Bb7 Re5 57. Ra3 hxg4 58. Kg3 Re2 59. Rh2 Rxh2 60. Kxh2 Rh8+
61. Kg1 Rh1+ 62. Kf2 Rh2+ 63. Kg1 Rg2+ 64. Kf1 Rc2 65. Ba6 Kc7 66. Re3 Kb6 67.
Kg1 Kc7 68. Kf1 Bf3 69. Ke1 e5 70. Rxe5 g3 71. Re7+ Kb6 72. Rb7+ Ka5 73. Rg7
Re2+ 74. Kf1 g2+ 75. Kg1 Re1+ 76. Kf2 Rf1+ 77. Ke3 Bxc6 78. bxc6 Kxa6 79. Rxg2
Rc1 80. Kd3 Rxc6 81. Rc2 Kb6 82. Rxc6+ Kxc6 83. Kc4 a5 84. Kb3 a4+ 85. Kxa4 Kd5 1/2-1/2

[Event "Mondiale Semilampo FIDE 2024"]
[Site "New York"]
[Date "26.12.2024"]
[Round "4.55"]
[White "Le, Quang Liem"]
[Black "Kvaloy, Aksel Bu"]
[Result "1-0"]
[WhiteTitle "GM"]
[BlackTitle "IM"]
[WhiteElo "2739"]
[BlackElo "2490"]
[WhiteFideId "12401137"]
[BlackFideId "1528815"]
[EventDate "26.12.2024"]

1. Nf3 d5 2. g3 c6 3. Bg2 Bg4 4. O-O Nf6 5. h3 Bh5 6. c4 e6 7. d3 dxc4 8. dxc4
Qxd1 9. Rxd1 Bxf3 10. Bxf3 Nbd7 11. b3 Bc5 12. Nc3 Ke7 13. Bb2 Rhd8 14. Kg2 a5
15. g4 g5 16. e3 Bb4 17. Na4 h6 18. Rac1 Bd6 19. Rc2 Nh7 20. Rcd2 Bc7 21. Bg7
Ndf6 22. Nc5 Rxd2 23. Rxd2 Rb8 24. Bxh6 Bd6 25. Ne4 Bb4 26. Rd1 Rg8 27. Nxf6
Nxf6 28. h4 gxh4 29. Kh3 Bd6 30. g5 Nd7 31. Kxh4 Ne5 32. Be4 Ng6+ 33. Bxg6 fxg6
34. f4 e5 35. Kg4 Ke6 36. Rf1 Bc5 37. f5+ gxf5+ 38. Rxf5 Bxe3 39. Rf6+ Ke7 40.
Kf5 Bf4 41. a4 Rd8 42. Bg7 Rg8 43. Bh6 Rd8 44. c5 Rd5 45. Bf8+ Kd7 46. g6 Bc1
47. Rf7+ Kc8 48. g7 e4+ 49. Kxe4 Rg5 50. Bd6 1-0

[Event "Mondiale Semilampo FIDE 2024"]
[Site "New York"]
[Date "26.12.2024"]
[Round "4.56"]
[White "Ghosh, Diptayan"]
[Black "Van Foreest, Jorden"]
[Result "1-0"]
[WhiteTitle "GM"]
[BlackTitle "GM"]
[WhiteElo "2569"]
[BlackElo "2677"]
[WhiteFideId "5045207"]
[BlackFideId "1039784"]
[EventDate "26.12.2024"]

1. Nf3 Nf6 2. g3 g6 3. Bg2 Bg7 4. d4 O-O 5. O-O d6 6. Nc3 Nbd7 7. a4 a5 8. e4 e5
9. dxe5 dxe5 10. b3 b6 11. Re1 Bb7 12. Nd2 Re8 13. Nc4 Nc5 14. Ba3 Ne6 15. Nb5
Nd7 16. Qd2 Bf8 17. Bxf8 Ndxf8 18. Qxd8 Raxd8 19. Nxe5 c6 20. Na3 Nd4 21. Nec4
Ba6 22. Rac1 Nfe6 23. f4 g5 24. f5 Nc5 25. Kf2 b5 26. axb5 cxb5 27. Nxa5 b4 28.
N3c4 g4 29. e5 Nxf5 30. Nc6 Rd7 31. Rcd1 Bxc4 32. bxc4 Kg7 33. Rxd7 Nxd7 34. Bd5
h5 35. e6 Nf6 36. exf7 Rxe1 37. Kxe1 h4 38. Kf2 hxg3+ 39. hxg3 Nd6 40. Nxb4 Nxf7
41. Nc6 Nd6 42. Ne5 Kh6 43. Ke3 Nxd5+ 44. cxd5 Kg5 45. c4 Nf5+ 46. Kf2 Nd6 47.
Ke3 Nf5+ 48. Kd3 Nxg3 49. c5 Kf5 50. c6 Ne4 51. Nxg4 Nd6 52. Kd4 Kxg4 53. Ke5
Nf7+ 54. Kf6 Nd6 55. Ke6 Nb5 56. d6 1-0

[Event "Mondiale Semilampo FIDE 2024"]
[Site "New York"]
[Date "26.12.2024"]
[Round "4.57"]
[White "Matviishen, Viktor"]
[Black "Indjic, Aleksandar"]
[Result "0-1"]
[WhiteTitle "GM"]
[BlackTitle "GM"]
[WhiteElo "2566"]
[BlackElo "2647"]
[WhiteFideId "14129850"]
[BlackFideId "911925"]
[EventDate "26.12.2024"]

1. d4 Nf6 2. c4 e6 3. Nc3 c5 4. d5 exd5 5. cxd5 d6 6. Nf3 g6 7. h3 Bg7 8. Bf4
O-O 9. e3 Ne8 10. Be2 Nd7 11. O-O Ne5 12. Bxe5 Bxe5 13. Nxe5 dxe5 14. Rc1 Bf5
15. Nb5 b6 16. Bg4 Bxg4 17. hxg4 e4 18. b4 cxb4 19. d6 Qh4 20. f3 Qg5 21. Qe2
Rd8 22. f4 Qh4 23. Rfd1 Nf6 24. Qf2 Qxg4 25. Rd4 Rc8 26. Rcd1 Rc5 27. Nc7 Qh5
28. Na6 Rc3 29. Qg3 Ng4 30. Rd5 f5 31. d7 Rd8 32. Re1 Rd3 33. Nxb4 Rxd7 34. Rxd7
Rxd7 35. Rc1 Kg7 36. Nc6 Rd3 37. Re1 a5 38. Ne5 Rd2 39. a4 Nf2 40. Qh2 Qxh2+ 41.
Kxh2 Nd3 42. Rb1 Rb2 43. Rd1 Rb3 44. Kg3 Kf6 45. Nc6 Rb2 46. Nd4 h5 47. Nb5 h4+
48. Kxh4 Rxg2 49. Nc7 Rg4+ 0-1

[Event "Mondiale Semilampo FIDE 2024"]
[Site "New York"]
[Date "26.12.2024"]
[Round "4.58"]
[White "Samadov, Read"]
[Black "Chanda, Sandipan"]
[Result "1/2-1/2"]
[WhiteTitle "IM"]
[BlackTitle "GM"]
[WhiteElo "2501"]
[BlackElo "2480"]
[WhiteFideId "13417444"]
[BlackFideId "5004225"]
[EventDate "26.12.2024"]

1. d4 f5 2. Nc3 Nf6 3. Bg5 d5 4. e3 e6 5. Bd3 c5 6. dxc5 Bxc5 7. Nf3 O-O 8. O-O
Nc6 9. Bf4 Qe7 10. Ne5 Bd6 11. Nxc6 bxc6 12. Bxd6 Qxd6 13. Qf3 e5 14. Qg3 Qe7
15. Rad1 e4 16. Be2 Bb7 17. Na4 Rad8 18. c4 Ba6 19. b3 c5 20. Qg5 d4 21. Qxf5 d3
22. Bxd3 exd3 23. Rxd3 Rxd3 24. Qxd3 Bb7 25. f3 Rd8 26. Qe2 Qe5 27. Nb2 h5 28.
Nd3 Qg5 29. Rd1 h4 30. Nf4 Re8 31. Qf2 Qf5 32. h3 Bc6 33. Nd3 Rd8 34. e4 Qg5 35.
Kh2 Rd4 36. Nb2 Qe5+ 37. Kg1 g5 38. Rxd4 Qxd4 39. Qxd4 cxd4 40. Kf2 Nh5 41. Nd3
Kg7 42. b4 Nf4 43. Nxf4 gxf4 44. Ke2 Kf6 45. Kd3 Ke5 46. b5 Be8 47. a4 a6 48.
bxa6 Bxa4 49. a7 Bc6 50. c5 Ba8 51. Kc4 Bc6 52. Kd3 Bb7 53. Kc4 Bc6 54. Kd3 1/2-1/2

[Event "Mondiale Semilampo FIDE 2024"]
[Site "New York"]
[Date "26.12.2024"]
[Round "4.59"]
[White "Tang, Andrew"]
[Black "Kevlishvili, Robby"]
[Result "1-0"]
[WhiteTitle "GM"]
[BlackTitle "GM"]
[WhiteElo "2527"]
[BlackElo "2556"]
[WhiteFideId "2059630"]
[BlackFideId "1040634"]
[EventDate "26.12.2024"]

1. d4 d5 2. Nf3 Nf6 3. Bf4 c5 4. e3 Nc6 5. Nbd2 Bg4 6. c3 e6 7. Qb3 Qc8 8. h3
Bh5 9. Be2 Be7 10. dxc5 Nd7 11. Qd1 Nxc5 12. O-O O-O 13. b4 Nd7 14. Rc1 a6 15.
a4 Qd8 16. b5 axb5 17. axb5 Na5 18. c4 Nc5 19. g4 Bg6 20. Ne5 Qb6 21. Nxg6 hxg6
22. cxd5 exd5 23. Nf3 Rfd8 24. Be5 Nc4 25. Bd4 Qxb5 26. Ne5 Ne6 27. Nxc4 Nxd4
28. Qxd4 dxc4 29. Qe4 Bd6 30. Rxc4 Re8 31. Qf3 Qe5 32. Rd1 b6 33. Rcd4 Bc5 34.
Rf4 Ra7 35. Bc4 Rf8 36. Kg2 Qe7 37. Qc6 Kh7 38. h4 Rc7 39. Qf3 Kg8 40. h5 g5 41.
Re4 Qf6 42. Qg3 Re7 43. Rxe7 Qxe7 44. Qf3 Bd6 45. Rd5 Be5 46. Qf5 Bc3 47. Bd3 g6
48. hxg6 Kg7 49. gxf7 Rh8 50. f8=Q+ 1-0

[Event "Mondiale Semilampo FIDE 2024"]
[Site "New York"]
[Date "26.12.2024"]
[Round "4.60"]
[White "Ibarra Jerez, Jose Carlos"]
[Black "Wagner, Dennis"]
[Result "1-0"]
[WhiteTitle "GM"]
[BlackTitle "GM"]
[WhiteElo "2556"]
[BlackElo "2616"]
[WhiteFideId "2226332"]
[BlackFideId "24650684"]
[EventDate "26.12.2024"]

1. e4 e5 2. Nf3 Nc6 3. d4 exd4 4. Nxd4 Nf6 5. Nxc6 bxc6 6. Nd2 Bc5 7. Nb3 Nxe4
8. Nxc5 Nxc5 9. Be3 d6 10. Qf3 O-O 11. O-O-O Qe7 12. Bxc5 dxc5 13. Bc4 Be6 14.
Qe3 Rfe8 15. Bxe6 Qxe6 16. Qxe6 Rxe6 17. Rhe1 Rxe1 18. Rxe1 Kf8 19. Re5 a5 20.
Rxc5 Ra6 21. Kd2 g6 22. Kc3 Ke7 23. Re5+ Kd6 24. Re8 Rb6 25. a4 Rb4 26. b3 Rh4
27. h3 Rf4 28. f3 h5 29. Rd8+ Kc5 30. Rd7 Kb6 31. Rd4 Rf5 32. Kd3 Kc5 33. Rc4+
Kd5 34. b4 axb4 35. Rxb4 Kc5 36. c3 Rd5+ 37. Kc2 g5 38. a5 Rd8 39. Kb3 Rd1 40.
h4 Rb1+ 41. Ka2 Rg1 42. Rb2 gxh4 43. a6 h3 44. a7 h2 45. a8=Q h1=Q 46. Qf8+ Kc4
47. Qxf7+ Kxc3 48. Qf6+ Kd3 49. Qf5+ Kc4 50. Rc2+ Kb4 51. Qc5+ 1-0